01094nam a2200253 a 450000100100000000500170001000800410002702000150006804000130008308200170009610000350011324501610014826000280030930000340033744000420037150400730041350400390048665000610052570000500058671000600063604900090069695201200070599900150082500000556120200929151720.0090820s1984 sp ab 000 0 spa d a840005962X aDO-SdBNP a738.6bP132i1 aPage del Pozo, Virginia91570910aImitaciones de influjo griego en la cerámica ibérica de Valencia, Alicante y Murcia. /cVirginia Page del Pozo ; prólogo Ana María Muñoz Amilibia. aMadrid, :bCSIC,c1984. a308 p. :bil., map. ;c23 cm. 0aIberia GraecapArqueologican1915710 aIncluye referencias bibliográficas y notas al pie de las páginas aIncluye bibliografías (p. 23-39) 4aCerámica ibéricazValenciaxInfluencia griega9157111 aMuñoz Amilibia, Ana Maríaepról.9157121 aConsejo Superior de Investigaciones Científicas94786 aBNPD 001054708MOaGRbGRcCTd2009-08-20iLF1l0o738.6 P132ip5561-10r2020-06-25w2020-06-25y4ZPréstamo en sala c5360d5360